000
00320nam a22001337a 4500
008
181023b xxu||||| |||| 00| 0 eng d
020
_a
9780763737481
041
_a
eng
080
_a
621
100
_a
27
101
_a
MEK
245
_a
Complex Analysis for Mathematics and Engineering
_c
Mathews, J.H
942
_2
udc
_c
BK
999
_c
50731
_d
50731